00819nam a2200181 a 4500008004100000020001800041050001400059100002400073245008000097260004000177300001500217490002200232500002300254650004300277995016700320999001700487952013300504130520s2012 ||||||||||||||||| || u a9781853157325 aRC 58 MED aMcNeillis, Benjamin10aGet ahead: medicine 300 SBAs for finalscby Benjamin McNeillis [and others] aLondon:bHodder and Stoughtonc2012 axv, 245p.: aGet Ahead! series aSCHOOL OF MEDICINE aMEDICINE--EXAMINATIONS, QUESTIONS, ETC aMEDICAL LIBRARY OPEN ACCESSe902066FCBU-SCHOOL OF MEDICINE LIBRARY (Ndola)jRC 58 MEDM1UAVAILABLEWMay 22, 2013y902066ZMedical Library Open Access Collection c31532d31532 00102lcc4070a002b002cMedical Library Open Access Collectiond2022-11-30l0oRC 58 MEDp902066r2022-11-30w2022-11-30y002